Halkla iç içe projelerle dolu 1 yıl (Kayıt no. 6820)

MARC ayrıntıları
000 -BAŞLIK
Sabit Uzunlukta Kontrol Alanı 00648na a2200217 4500
001 - KONTROL NUMARASI
Denetim Alanı 13697
003 - KONTROL NUMARASI IDENTIFIER
Denetim Alanı MIRAKIL
005 - SON İŞLEM TARİHİ VE ZAMANI
Denetim Alanı 20181213155120.0
008 - SABİT-BOY VERİ ELEMANLARI - GENEL BİLGİLER
Sabit Uzunlukta Kontrol Alanı 161102b tu 000 0
035 ## - SİSTEM KONTROL NUMARASI
Sistem Kontrol Numarası 13697
040 ## - KATALOGLAMA KAYNAK
Orijinal Kataloglama Ajansı Milas
Kataloglama Dili tur
Metne Dönüştürmek Ajansı TR-AnCHP
082 ## - DEWEY ONLU SINIFLANDIRMA NUMARASI
Sınıflandırma Numarası 352.944
Ürün Numarası H24 [t.y]
090 ## - SINIFLAMA NUMARASI
Sınıflama Numarası 352.944 H24 ty
245 ## - BAŞLIK TABLOSU
Başlık Halkla iç içe projelerle dolu 1 yıl
Sorumluluk Tablosu, Vb Çukurova Belediyesi
260 ## - YAYIN, DAĞITIM, VB
Yayın, Dağıtım, Vb Yeri Adana
Yayıncı, Dağıtıcı, Vs Adı Çukurova Belediyesi
Yayın, Dağıtım, Vb Tarihi [t.y]
300 ## - FİZİKSEL TANIM
Kapsam 190 s.
Diğer Fiziksel Ayrıntıları fotğ.
Boyutlar 28 sm.
650 ## - KONU KATMA GİRİŞ - TOPİKAL DÖNEM
Topikal Süreli Veya Coğrafi Ad Giriş Elemanı Yerel yönetimler
Genel Alt Bölümü Çukurova Belediyesi
Kronolojik Alt Bölümü Faaliyetler
650 ## - KONU KATMA GİRİŞ - TOPİKAL DÖNEM
Topikal Süreli Veya Coğrafi Ad Giriş Elemanı Kamu yönetimi
Genel Alt Bölümü Sosyal hizmetler
650 ## - KONU KATMA GİRİŞ - TOPİKAL DÖNEM
Topikal Süreli Veya Coğrafi Ad Giriş Elemanı Sosyal refah
Coğrafi Alt Bölümü Çukurova
942 ## - EKLENDİ GİRİŞ ELEMANLARI (KOHA)
Sınıflandırma Veya Raf Düzeni Kaynak Dewey Decimal Classification
Koha Öğesi Türü Kitaplar
999 ## - SİSTEM KONTROL NUMARALARI (KOHA)
Koha Biblionumber 6820
Koha Biblioitemnumber 6820
Mevcut
Kalıcı Konum Mevcut Konum Edinme Tarihi Edinim Kaynak Toplam Check-Out'Lar Tam Çağrı Numarası Barkod Tarih Son Görülme İtibaren Geçerli Fiyatlar Koha Öğesi Türü
CHP Kütüphanesi CHP Kütüphanesi 08/16/2016 Bağış   352.944 H24 ty 001526 08/16/2016 08/16/2016 Kitaplar